• 首页
  • 本馆介绍
  • 公告通知
  • 最新文献
  • 馆藏检索
  • 电子资源
  • 读者导购
  • 参考咨询
  • 我的图书馆
  • 登录
  • 详细信息显示
  • 放入我的书架
  • 预约/预借图书
  • 作者相关作品
  • 分类相关作品
  • 丛书相关作品
  • 出版社相关作品

书目信息

  • 表格格式
  • 工作单格式
  • 卡片格式
书名: Focus on society
作者: [by] Norman W. Storer.
分册号:
分册名:
出版地: Reading, Mass. :
 
出版社: Addison-Wesley Pub. Co
出版时间: [1973].
页数: xiii, 274 p. :
开本: 23 cm.
丛书名:
中图分类号:
科图分类号:
其他分类号: C19
主题词:
电子资源:
000 00582nam 2200205 4504
001 E0740316992
005 20070306111456.03
008 0110 eng
010    @a72000585
035    @a0077-15660
050 00 @aHM51@b.S899
090    @aC19
099    @dC19@ex2
100 1  @aStorer, Norman W.
245 10 @aFocus on society :@ban introduction to sociology / @c[by] Norman W. Storer.
260    @aReading, Mass. :@bAddison-Wesley Pub. Co.,@c[1973].
300    @axiii, 274 p. :@billus. ;@c23 cm.
504    @aIncludes bibliographies.
650  0 @aSociology.
920    @a232010@z2
    
    Focus on society : : an introduction to sociology / / [by] Norman W. Storer.-Reading, Mass. : : Addison-Wesley Pub. Co., , [1973].
    xiii, 274 p. : : illus. ; ; 23 cm.
    Includes bibliographies.
    
    ISBN
    
●
相关链接 在E读中查询图书 在五车中查询图书 在当当中查询图书 在豆瓣中查询图书


正题名:Focus on society     索取号:C19/x2         预约/预借

序号 登录号 条形码 馆藏地/架位号 状态 备注
1 000247   300002477   第四借阅区/ [索取号:C19/x2] 在馆    
唐山师范学院图书馆 欢迎您!
大连网信软件有限公司© 版权所有